[Event "NATO-ch 21st"]
[Site "Koge"]
[Date "2010.10.21"]
[Round "6"]
[White "Galloway, James H"]
[Black "Murray, Brian"]
[Result "1-0"]
[WhiteElo "1624"]
[BlackElo "1466"]
[PlyCount "91"]
[EventDate "2010.10.18"]
[EventType "swiss"]
[EventRounds "7"]
[EventCountry "DEN"]
[SourceTitle "EXT 2011"]
[Source "ChessBase"]
[SourceDate "2010.11.26"]
[SourceVersion "1"]
[SourceVersionDate "2010.11.26"]
[SourceQuality "1"]

1. d4 d6 2. Nf3 Nf6 3. Bg5 Nbd7 4. Nc3 c6 5. e3 Qc7 6. Be2 e5 7. 0-0 Be7 8. e4 b5 9. a3 a5 10. b4 0-0 11. Re1 Bb7 12. d5 axb4 13. axb4 Rxa1 14. Qxa1 Ra8 15. Qb2 Nb6 16. dxc6 Bxc6 17. Nxb5 Qb8 18. Bxf6 Bxf6 19. Nc3 d5 20. exd5 Nxd5 21. Nxd5 Bxd5 22. c3 Ra2 23. Qb1 e4 24. c4 Rb2 25. Qd1 exf3 26. Bxf3 Bxc4 27. Bc6 Be5 28. Rxe5 Be6 29. Ra5 Bg4 30. f3 Bxf3 31. Bxf3 Qb6+ 32. Kh1 g6 33. Ra8+ Kg7 34. Qa1 Qxb4 35. Ra2 Kh6 36. Rxb2 Qc3 37. Ra2 Qc5 38. Ra4 Qe7 39. g3 f6 40. Qc1+ g5 41. h4 Qe5 42. hxg5+ fxg5 43. Qc6+ Kg7 44. Ra7+ Kf8 45. Qh6+ Ke8 46. Bh5+ 1-0

[Event "NATO-ch 21st"]
[Site "Koge"]
[Date "2010.10.21"]
[Round "5"]
[White "Kacevicius, Dangiras"]
[Black "Galloway, James H"]
[Result "0-1"]
[WhiteElo "1730"]
[BlackElo "1624"]
[PlyCount "71"]
[EventDate "2010.10.18"]
[EventType "swiss"]
[EventRounds "7"]
[EventCountry "DEN"]
[SourceTitle "EXT 2011"]
[Source "ChessBase"]
[SourceDate "2010.11.26"]
[SourceVersion "1"]
[SourceVersionDate "2010.11.26"]
[SourceQuality "1"]

1. d4 d5 2. Nf3 Nf6 3. e3 Bg4 4. c4 e6 5. Nc3 c6 6. cxd5 exd5 7. a3 Bd6 8. h3 Bh5 9. Be2 0-0 10. Qc2 Re8 11. Nh4 Ne4 12. Nxe4 dxe4 13. Nf5 Qa5+ 14. Bd2 Qxf5 15. g4 Bxg4 16. hxg4 Qg6 17. 0-0-0 Nd7 18. Bc3 c5 19. d5 a6 20. Rh5 b5 21. Rdh1 b4 22. Bd2 bxa3 23. bxa3 Nf6 24. R5h4 c4 25. f4 Bxa3+ 26. Kd1 Rab8 27. f5 Qg5 28. Rh5 Nxh5 29. Rxh5 Qd8 30. Bxc4 a5 31. Qa2 Qd6 32. Be1 Rb2 33. Qa1 Reb8 34. Ba2 Qc5 35. Bg3 Qc2+ 36. Ke1 0-1

[Event "NATO-ch 21st"]
[Site "Koge"]
[Date "2010.10.20"]
[Round "4"]
[White "Bellemare, Regis"]
[Black "Galloway, James H"]
[Result "1-0"]
[WhiteElo "1637"]
[BlackElo "1624"]
[PlyCount "97"]
[EventDate "2010.10.18"]
[EventType "swiss"]
[EventRounds "7"]
[EventCountry "DEN"]
[SourceTitle "EXT 2011"]
[Source "ChessBase"]
[SourceDate "2010.11.26"]
[SourceVersion "1"]
[SourceVersionDate "2010.11.26"]
[SourceQuality "1"]

1. e4 e6 2. d4 d5 3. Nc3 dxe4 4. Nxe4 Bd7 5. Nf3 Bc6 6. Nc3 Nf6 7. Be2 Be7 8. Bf4 Nbd7 9. Nb5 Bxb5 10. Bxb5 c6 11. Bd3 0-0 12. c3 Nd5 13. Bd2 Qc7 14. Ng5 N7f6 15. Qc2 g6 16. g3 e5 17. dxe5 Qxe5+ 18. Kf1 Bc5 19. Re1 Qd6 20. h3 Rfe8 21. Rxe8+ Rxe8 22. a3 b5 23. b4 Bb6 24. c4 bxc4 25. Qxc4 Nd7 26. Bc3 Ne5 27. Ne4 Nxc4 28. Nxd6 Nxd6 29. Bb2 Ne4 30. Rh2 Nd2+ 31. Kg2 Re1 32. Rh1 Rxh1 33. Kxh1 Bxf2 34. Kg2 Be1 35. Bd4 a6 36. Bxa6 Nb1 37. Bb2 Kf8 38. Bb7 Ne7 39. Ba6 Bc3 40. Bc1 Ke8 41. Kf3 Nf5 42. g4 Nd4+ 43. Ke4 Nb3 44. b5 Nxc1 45. bxc6 Nxa3 46. c7 f5+ 47. gxf5 gxf5+ 48. Kd5 Ke7 49. c8Q 1-0

[Event "Weymouth Minor op"]
[Site "Weymouth"]
[Date "2008.10.26"]
[Round "4"]
[White "Allen, Timothy S"]
[Black "Galloway, James H"]
[Result "1/2-1/2"]
[WhiteElo "1456"]
[BlackElo "1352"]
[PlyCount "57"]
[EventDate "2008.10.24"]
[EventType "swiss"]
[EventRounds "5"]
[EventCountry "ENG"]
[SourceTitle "EXT 2011"]
[Source "ChessBase"]
[SourceDate "2010.11.26"]
[SourceVersion "1"]
[SourceVersionDate "2010.11.26"]
[SourceQuality "1"]

1. e4 e6 2. d4 d5 3. Nc3 dxe4 4. Nxe4 Nd7 5. Nf3 Ngf6 6. Nxf6+ Nxf6 7. Bc4 c5 8. 0-0 cxd4 9. Qxd4 Qxd4 10. Nxd4 a6 11. Nb3 b5 12. Be2 Bb7 13. Be3 Be7 14. c4 bxc4 15. Bxc4 0-0 16. Rfd1 Nd5 17. Bd2 Nb6 18. Be2 Na4 19. Na5 Be4 20. b3 Nb2 21. Rf1 Bf6 22. Rac1 Rfd8 23. Be3 Bd3 24. Bxd3 Nxd3 25. Rcd1 Nb4 26. a3 Nd5 27. Bd2 Rdb8 28. b4 h6 29. Nc4 1/2-1/2

[Event "NATO-ch 19th"]
[Site "Brussels"]
[Date "2008.08.05"]
[Round "2"]
[White "Galloway, James H"]
[Black "Kartal, Koray"]
[Result "0-1"]
[WhiteElo "1352"]
[BlackElo "1977"]
[PlyCount "58"]
[EventDate "2008.08.04"]
[EventType "swiss"]
[EventRounds "7"]
[EventCountry "BEL"]
[SourceTitle "EXT 2015"]
[Source "ChessBase"]
[SourceDate "2014.11.20"]
[SourceVersion "1"]
[SourceVersionDate "2014.11.20"]
[SourceQuality "1"]

1. d4 Nf6 2. Nf3 d5 3. e3 c5 4. c3 Nc6 5. Be2 Bf5 6. a3 c4 7. 0-0 e6 8. Nbd2 Bd6 9. Nh4 Bg6 10. Nxg6 hxg6 11. Nf3 g5 12. g3 Ne4 13. Ne1 Qc7 14. f4 0-0-0 15. Bf3 f5 16. Bxe4 dxe4 17. b3 gxf4 18. exf4 Ne7 19. b4 Nd5 20. Qc2 Rh3 21. Rf2 Rdh8 22. a4 g5 23. Rg2 gxf4 24. gxf4 Nxf4 25. Bxf4 Bxf4 26. Ra2 Bxh2+ 27. Rxh2 Qg3+ 28. Qg2 Qxe1+ 29. Qf1 Qxf1+ 0-1

[Event "Yeovil op"]
[Site "Yeovil"]
[Date "2007.06.17"]
[Round "5"]
[White "Galloway, James H"]
[Black "Pierstorff, Paul"]
[Result "0-1"]
[WhiteElo "1384"]
[BlackElo "1480"]
[PlyCount "94"]
[EventDate "2007.06.15"]
[EventType "swiss"]
[EventRounds "5"]
[EventCountry "ENG"]
[SourceTitle "CBM 119 Extra"]
[Source "ChessBase"]
[SourceDate "2007.09.04"]
[SourceVersion "1"]
[SourceVersionDate "2007.09.04"]
[SourceQuality "1"]

1. e4 Nf6 2. Nc3 d6 3. Nf3 Bg4 4. Be2 e5 5. h3 Bh5 6. d3 Nc6 7. Be3 Be7 8. Nxe5 Bxe2 9. Nxc6 Bxd1 10. Nxd8 Bxc2 11. Kd2 Bxd3 12. Kxd3 Rxd8 13. Nb5 0-0 14. Nxc7 a6 15. f3 Rd7 16. Rac1 d5 17. Nxd5 Nxd5 18. exd5 Rxd5+ 19. Ke2 Re8 20. Kf2 Rd3 21. Rhd1 Bh4+ 22. g3 Bxg3+ 23. Kxg3 Rdxe3 24. Rc7 b5 25. Rdd7 R3e6 26. Rxf7 Rg6+ 27. Kf2 Rd8 28. Rfd7 Rxd7 29. Rxd7 Rc6 30. Rd2 Kf7 31. b4 Rc4 32. Rd7+ Kf6 33. Rd6+ Kf5 34. a3 Kf4 35. Rd2 h6 36. Rd3 Rc2+ 37. Ke1 Ra2 38. Rd7 Kxf3 39. Rxg7 Rxa3 40. Rh7 Ke3 41. Kd1 Kd3 42. Kc1 Kc3 43. Kd1 Kxb4 44. Rxh6 a5 45. h4 a4 46. h5 Rh3 47. Rh8 a3 0-1

[Event "Civil Service Minor op"]
[Site "London"]
[Date "2005.11.06"]
[Round "4"]
[White "Byrne, Des"]
[Black "Galloway, James H"]
[Result "0-1"]
[WhiteElo "1520"]
[BlackElo "1336"]
[PlyCount "102"]
[EventDate "2005.11.05"]
[EventType "swiss"]
[EventRounds "5"]
[EventCountry "ENG"]
[SourceTitle "EXT 2007"]
[Source "ChessBase"]
[SourceDate "2006.11.23"]
[SourceVersion "1"]
[SourceVersionDate "2006.11.23"]
[SourceQuality "1"]

1. d4 d5 2. Nf3 Nf6 3. Bg5 e6 4. e3 h6 5. Bh4 Be7 6. Bxf6 Bxf6 7. Bd3 Nc6 8. 0-0 Nb4 9. c3 Nxd3 10. Qxd3 0-0 11. c4 c5 12. cxd5 exd5 13. Rc1 Qb6 14. Nc3 c4 15. Qc2 Be6 16. Rd1 Rad8 17. h3 Rfe8 18. Na4 Qb5 19. Rab1 g6 20. Nc3 Qc6 21. Ra1 Bf5 22. Qc1 Kg7 23. Ne2 Bg4 24. Ng3 Bxf3 25. gxf3 Qe6 26. Kg2 h5 27. Rh1 h4 28. Ne2 b5 29. Qc2 Bg5 30. Rag1 Qf6 31. f4 Bh6 32. Kf1 Qa6 33. Rg4 Qxa2 34. Rxh4 b4 35. Ng3 b3 36. Qc3 f5 37. Rg1 Kh7 38. Ne2 Qb1+ 39. Kg2 Qe4+ 40. Kh2 Qf3 41. Ng3 Qxf2+ 42. Rg2 Qxe3 43. Rxh6+ Kxh6 44. Nxf5+ gxf5 45. Qa5 Qxf4+ 46. Kh1 Qxd4 47. Qa6+ Qb6 48. Qa1 Qe3 49. Qa6+ Re6 50. Qb7 Qxh3+ 51. Rh2 Re1# 0-1